000 01024nam a2200265 4500
003 OSt
005 20260601171007.0
008 260417b1996\\\\mx\a||||\||||\00|\0\spa\d
020 _a9688105465
040 _aICI
_bspa
_cICI
050 _aF1234
_bB353
100 1 _aJorge Alvarez Fuentes
_932482
245 1 _aBandera al viento :
_bimágenes de la diplomacia mexicana, 1930-1952 /
_c[investigación y textos Patricia Bravo Fragoso... [y otros.]
264 _bSecretaría de Relaciones Exterores
_c1996
_a[México]
300 _a191 páginas
336 _atexto
_2rdacontent
337 _asin medio
_2rdamedia
338 _avolumen
_2rdacarrier
610 _aMéxico.
_bSecretaría de Relaciones Exteriores
650 _aPolítica mundial
_vObras ilustradas
_y1900-1945
_y1945-1955
_932484
651 _aMéxico
_xRelaciones exteriores
_y1910-1946
_y1946-1970
_zPaíses extranjeros
_932485
700 _aBravo Fragoso, Patricia
_ecolaborador
_932486
710 _aMéxico.
_bSecretaría de Relaciones Exteriores
942 _2ddc
_cB
999 _c20333
_d20333